| 000 | 00779nam a22002297a 4500 | ||
|---|---|---|---|
| 003 | DO-SdBNP | ||
| 005 | 20260521073717.0 | ||
| 007 | ta | ||
| 008 | 220712b2019 |||||||| |||| 001 0 spa d | ||
| 040 |
_aDO-SdBNP _bspa _cBNPHU |
||
| 082 |
_222 _a333.7932 _bC531y |
||
| 100 | 1 | 0 |
_aChez Checo, José, _d1949- _910145 |
| 245 | 1 | 0 |
_aY se hizo la luz / _cJosé Chez Checo, Mu-kien Adriana Sang |
| 246 | _aUna historia de la energía eléctrica en República Dominicana 1944-2000 | ||
| 260 |
_aSanto Domingo : _bCDEEE, _c2019. |
||
| 300 |
_a807 p. : _bil ; _c31 cm |
||
| 500 | _aUna | ||
| 590 | _aInventariado, 2022 / SA | ||
| 650 | 4 |
_aEnergía electrica _y1844-2000. _zRepública Dominicana _981991 |
|
| 700 | 1 |
_aSang, Mu-Kien A. _d1955- _q(Mu-Kien Adriana) _9331 |
|
| 942 |
_2ddc _cLBS1 |
||
| 999 |
_c52173 _d52173 |
||